| 000 | 01147cam a2200301 i 4500 | ||
|---|---|---|---|
| 001 | 24637 | ||
| 003 | Mx-PuUPA | ||
| 005 | 20240819094518.0 | ||
| 008 | 140415s2005 mx gr 000 0 spa d | ||
| 020 | _a9707223944 | ||
| 040 |
_cMx-PuUPA _aMx-PuUPA _bspa _dMx-PuUPA _erda |
||
| 041 | 0 | _aspa | |
| 245 | 0 | 3 |
_aNi éxito, ni fracaso : _bideas, recursos y actores en las políticas económicas latinoamericanas del siglo XX / _cGuillermo Guajardo Soto, coordinador |
| 250 | _aPrimera edición | ||
| 264 | 1 |
_aMéxico, D. F. : _bUniversidad Nacional Autónoma de México, _c2005 |
|
| 300 |
_a277 páginas ; _c21 cm |
||
| 336 |
_2rdacontent _atexto _btxt |
||
| 337 |
_2rdamedia _asin medio _bn |
||
| 338 |
_2rdacarrier _avolumen _bnc |
||
| 651 | 4 |
_aAmérica Latina _xCondiciones económicas _ySiglo XX |
|
| 651 | 4 |
_aAmérica Latina _xPolítica económica |
|
| 651 | 4 |
_aAmérica Latina _xHistoria económica |
|
| 700 | 1 |
_aGuajardo Soto, Guillermo, _dcoordinador |
|
| 942 |
_2ddc _cLI _h330.98049 _iE963 |
||
| 999 |
_c24637 _d24637 |
||